Welcome to WEB OPAC of MRSPTU Central Library

Geotechnical engineering ( basics of soil mechanics ) (Record no. 4985)

MARC details
000 -LEADER
fixed length control field 00435nam a2200169Ia 4500
008 - FIXED-LENGTH DATA ELEMENTS--GENERAL INFORMATION
fixed length control field 230711s9999||||xx |||||||||||||| ||und||
041 ## - LANGUAGE CODE
Language code of text/sound track or separate title ENG
082 ## - DEWEY DECIMAL CLASSIFICATION NUMBER
Classification number 624
Item number RA-G
100 ## - MAIN ENTRY--PERSONAL NAME
Personal name Ramamurthy ,T.N
245 #0 - TITLE STATEMENT
Title Geotechnical engineering ( basics of soil mechanics )
250 ## - EDITION STATEMENT
Edition statement 1st Ed.
260 ## - PUBLICATION, DISTRIBUTION, ETC.
Date of publication, distribution, etc. 2005
Place of publication, distribution, etc. New Delhi
Name of publisher, distributor, etc. S.Chand & Company Ltd
300 ## - PHYSICAL DESCRIPTION
Extent 289
650 ## - SUBJECT ADDED ENTRY--TOPICAL TERM
Topical term or geographic name entry element Civil Engineering
700 ## - ADDED ENTRY--PERSONAL NAME
Personal name Sitharam,T.G
942 ## - ADDED ENTRY ELEMENTS (KOHA)
Koha item type Book
Holdings
Withdrawn status Lost status Damaged status Not for loan Collection Home library Current library Date acquired Total checkouts Full call number Barcode Date last seen Price effective from Koha item type Date last checked out
          MRSPTU Central Library MRSPTU Central Library     624 RA-G 18330 08/17/2023 08/17/2023 Book  
          MRSPTU Central Library MRSPTU Central Library   2 624 RA-G 18331 12/03/2025 08/17/2023 Book 11/26/2025
          MRSPTU Central Library MRSPTU Central Library     624 RA-G 18332 08/17/2023 08/17/2023 Book  
          MRSPTU Central Library MRSPTU Central Library     624 RA-G 18333 08/17/2023 08/17/2023 Book  
          MRSPTU Central Library MRSPTU Central Library     624 RA-G 18334 08/17/2023 08/17/2023 Book  
          MRSPTU Central Library MRSPTU Central Library     624 RA-G 18335 08/17/2023 08/17/2023 Book  
          MRSPTU Central Library MRSPTU Central Library   2 624 RA-G 18336 12/10/2025 08/17/2023 Book 11/21/2025
          MRSPTU Central Library MRSPTU Central Library   6 624 RA-G 18337 12/24/2024 08/17/2023 Book 11/27/2024
          MRSPTU Central Library MRSPTU Central Library   1 624 RA-G 18338 12/12/2025 08/17/2023 Book 11/11/2025
          MRSPTU Central Library MRSPTU Central Library   1 624 RA-G 18339 12/12/2025 08/17/2023 Book 10/30/2025

Website Designed and Developed by MRSPTU Central Library Team

E-mail Id: librarian@mrsptu.ac.in